000 00217nam a2200097Ia 4500
008 190216s9999||||xx |||||||||||||| ||und||
100 _aSambashiva
245 0 _aAnimal Physiology&Ecology
260 _bNull
942 _cBK
999 _c37361
_d37361